Biggest sources of immigrants to Maryland - Statistics

General Stats
  • This quiz has been taken 53 times
  • The average score is 8 of 10
Answer Stats
Hint Answer % Correct
51,982 China
98%
36,446 Mexico
96%
63,884 India
91%
121,525 El Salvador
77%
31,991 Korea
77%
15,069 United Kingdom
77%
39,770 Philippines
72%
17,427 Vietnam
70%
29,229 Jamaica
64%
15,414 Iran
53%
No matching quizzes found
Score Distribution
Percent of People with Each Score
Percentile by Number Answered
Your Score History
You have not taken this quiz